000 nam a22 7a 4500
999 _c16653
_d16653
008 161116b xxu||||| |||| 00| 0 eng d
020 _a9780176104573
050 _aHF 5415 .M29325 2009
100 _aLamb, Charles W. Jr.
245 _aMarketing/
_cCharles W. Lamb, Jr., Joseph F. Hair, Jr., Carl McDaniel, A. J. Faria, and William J. Wellington
250 _a4th ed.
260 _aToronto:
_bNelson Education,
_c2009
300 _axxv, 641p. :
_bill. ;
_ccm
500 _aIncludes index.
650 _aMarketing.
700 _aHair, Joseph F. Jr.
700 _aMcDaniel, Carl
700 _aFaria, A. J.
700 _aWellington, William J.
942 _2lcc
_cBOOKS
_hHF 5415 .M29325 2009
_01